Continuidad y ruptura en el discurso político /
Uloženo v:
| Hlavní autor: | |
|---|---|
| Médium: | Text |
| Témata: | |
| Tagy: |
Přidat tag
Žádné tagy, Buďte první, kdo vytvoří štítek k tomuto záznamu!
|
MARC
| LEADER | 00000 a a2200000 04500 | ||
|---|---|---|---|
| 001 | 10686 | ||
| 003 | |||
| 040 | |||
| 100 | |a Mires, Fernando | ||
| 245 | |a Continuidad y ruptura en el discurso político / |c Fernando Mires | ||
| 500 | |a También en: Nueva Sociedad. número 91, setiembre-octubre 1987 | ||
| 650 | |a IDEOLOGIAS POLITICAS | ||
| 650 | |a INTELECTUALES | ||
| 650 | |a MODERNIZACION | ||
| 650 | |a REVOLUCION | ||
| 650 | |a CRISIS | ||
| 650 | |a ECONOMIA | ||
| 773 | |g número 180 -181; páginas129-144 | ||
| 999 | |c 36424 |d 36424 | ||
